Thực trạng quản lý phát triển chương trình đào tạo đáp ứng yêu cầu xã hội tại trường Đại học Sài Gòn

Enregistré dans:
Détails bibliographiques
Auteur principal: Mỵ, Giang Sơn
Format: Livre
Langue:Undetermined
Sujets:
Accès en ligne:http://lrc.tdmu.edu.vn/opac/search/detail.asp?aID=2&ID=35687
Tags: Ajouter un tag
Pas de tags, Soyez le premier à ajouter un tag!
Thư viện lưu trữ: Trung tâm Học liệu Trường Đại học Thủ Dầu Một
LEADER 00743nam a2200145Ia 4500
001 TDMU_35687
008 210410s9999 xx 000 0 und d
082 |a 621.3192 
100 |a Mỵ, Giang Sơn 
245 0 |a Thực trạng quản lý phát triển chương trình đào tạo đáp ứng yêu cầu xã hội tại trường Đại học Sài Gòn 
245 0 |c Mỵ Giang Sơn 
300 |a Tr.59-63 
650 |a Giáo dục; Quản lý; Phát triển; Chương trình đào tạo; Đáp ứng yêu cầu; Xã hội; Trường Đại học Sài Gòn 
856 |u http://lrc.tdmu.edu.vn/opac/search/detail.asp?aID=2&ID=35687 
980 |a Trung tâm Học liệu Trường Đại học Thủ Dầu Một